The origin of man and his culture. (Record no. 55849)

MARC details
000 -LEADER
fixed length control field 00597cam a22002291 4500
001 - CONTROL NUMBER
control field sa 63004781
003 - CONTROL NUMBER IDENTIFIER
control field DLC
005 - DATE AND TIME OF LATEST TRANSACTION
control field 20260227111951.0
008 - FIXED-LENGTH DATA ELEMENTS--GENERAL INFORMATION
fixed length control field 771014s1963 ii b 001 0 eng
010 ## - LIBRARY OF CONGRESS CONTROL NUMBER
LC control number sa 63004781
015 ## - NATIONAL BIBLIOGRAPHY NUMBER
National bibliography number GB64-384
035 ## - SYSTEM CONTROL NUMBER
System control number (OCoLC)3342623
040 ## - CATALOGING SOURCE
Original cataloging agency DLC
Transcribing agency INS
Modifying agency Uk
-- DLC
042 ## - AUTHENTICATION CODE
Authentication code premarc
050 00 - LIBRARY OF CONGRESS CALL NUMBER
Classification number GN315
Item number .F8
100 1# - MAIN ENTRY--PERSONAL NAME
Personal name Fuchs, Stephen.
245 14 - TITLE STATEMENT
Title The origin of man and his culture.
260 ## - PUBLICATION, DISTRIBUTION, ETC.
Place of publication, distribution, etc. Bombay,
-- New York,
Name of publisher, distributor, etc. Asia Pub. House
Date of publication, distribution, etc. [1963]
300 ## - PHYSICAL DESCRIPTION
Extent vi, 300 p.
Dimensions 23 cm.
504 ## - BIBLIOGRAPHY, ETC. NOTE
Bibliography, etc. note Bibliography: p. [281]-283.
650 #0 - SUBJECT ADDED ENTRY--TOPICAL TERM
Topical term or geographic name entry element Ethnology.

No items available.

Powered by Koha